| 000 | 00949nam a2200217Ii 4500 | ||
|---|---|---|---|
| 003 | JO-AjNU | ||
| 008 | 230605s9999||||xx |||||||||||||| ||und|| | ||
| 017 | _a2002/2/395 | ||
| 040 |
_aJO-AjNU _bara _erda _cJO-AjNU |
||
| 041 | _aara | ||
| 050 | 1 | 4 | _aHT 166 .H374 2002 |
| 100 | 3 |
_aالهاشمي، عماد اكرم ...وآخرون, _eauthor _938094 |
|
| 245 | 0 | 0 | _aتخطيط المدن : تطبيقات في النمذجة الحضرية = Urban Planning : Applied Researches in Urban Modelling |
| 250 | _aط1 | ||
| 264 | 3 | 1 | _aاربد: مؤسسة حمادة للدراسات الجامعية والنشر والتوزيع، 2002 |
| 300 |
_a208ص _bيحتوي على ببلوغرافية وملاحق من 198-208ص |
||
| 336 |
_atext _btxt _2rdacontent |
||
| 337 |
_aunmediated _bn _2rdamedia |
||
| 338 |
_avolume _bnc _2rdacarrier |
||
| 650 | 4 |
_aالتخطيط التنظيمي - الطرق الاحصائية - تخطيطي المدن _938095 |
|
| 999 |
_aA15976 _c19544 _d19544 |
||